<?xml version="1.0" encoding="UTF-8"?>
<record
    xmlns:xsi="http://www.w3.org/2001/XMLSchema-instance"
    xsi:schemaLocation="http://www.loc.gov/MARC21/slim http://www.loc.gov/standards/marcxml/schema/MARC21slim.xsd"
    xmlns="http://www.loc.gov/MARC21/slim">

  <leader>00500nam a2200193Ia 4500</leader>
  <controlfield tag="005">20250508152252.0</controlfield>
  <controlfield tag="008">008  250505s9999    xx            000 0 hin d</controlfield>
  <datafield tag="037" ind1=" " ind2=" ">
    <subfield code="a">Textual</subfield>
  </datafield>
  <datafield tag="040" ind1=" " ind2=" ">
    <subfield code="a">FEDL</subfield>
    <subfield code="b">eng</subfield>
    <subfield code="c">FEDL</subfield>
  </datafield>
  <datafield tag="041" ind1=" " ind2=" ">
    <subfield code="a">hin</subfield>
    <subfield code="2">eng</subfield>
  </datafield>
  <datafield tag="084" ind1=" " ind2=" ">
    <subfield code="a">901, ANA</subfield>
    <subfield code="q">FEDL</subfield>
  </datafield>
  <datafield tag="100" ind1=" " ind2=" ">
    <subfield code="a">Mulkraj Anand</subfield>
    <subfield code="9">637816</subfield>
  </datafield>
  <datafield tag="245" ind1=" " ind2="0">
    <subfield code="a">Insan ki kahani</subfield>
  </datafield>
  <datafield tag="260" ind1=" " ind2=" ">
    <subfield code="a">Delhi, India</subfield>
    <subfield code="b">Raj Kamal Prakashan</subfield>
    <subfield code="c">1956</subfield>
  </datafield>
  <datafield tag="300" ind1=" " ind2=" ">
    <subfield code="a">178p</subfield>
  </datafield>
  <datafield tag="365" ind1=" " ind2=" ">
    <subfield code="a">INR</subfield>
    <subfield code="b">3</subfield>
  </datafield>
  <datafield tag="942" ind1=" " ind2=" ">
    <subfield code="c">TEXL</subfield>
    <subfield code="h">901, ANA</subfield>
  </datafield>
  <datafield tag="999" ind1=" " ind2=" ">
    <subfield code="c">1335417</subfield>
    <subfield code="d">1335417</subfield>
  </datafield>
  <datafield tag="952" ind1=" " ind2=" ">
    <subfield code="0">0</subfield>
    <subfield code="1">0</subfield>
    <subfield code="4">0</subfield>
    <subfield code="7">0</subfield>
    <subfield code="a">FEDL</subfield>
    <subfield code="b">FEDL</subfield>
    <subfield code="d">2025-05-08</subfield>
    <subfield code="g">3.00</subfield>
    <subfield code="l">0</subfield>
    <subfield code="o">901, ANA</subfield>
    <subfield code="p">EL0017279</subfield>
    <subfield code="r">2025-05-08 15:22:52</subfield>
    <subfield code="w">2025-05-08</subfield>
    <subfield code="y">TEXL</subfield>
  </datafield>
</record>
